000 00657nam a22002417a 4500
003 UA-OsUOA
001 126127
007 ta
008 20171009b un ||||| |||| 00| 0 ukr d
100 _aРоздобудько І.
090 _a821.161.2
_bР64
942 _cBK
040 _aUA-OsUOA
_bukr
_cUA-OsUOA
_dUA-OsUOA
245 _aОстанній ескорт у пастку
_bромани
300 _a432 с.
955 _a3
041 _aukr
080 _a821.161.2
020 _a978-966-2685-11-4
260 _aК.
_bСпадщина
_c2012
650 7 _a82 Література. Літературознавство
_2UDC
999 _c413352
_d413352